Statistiken für Größte Städte der USA

Klicken Sie hier um das Quiz zu spielen!

Allgemein

  • Dieses Quiz wurde 70 mal gespielt
  • Das Durchschnittsergebnis liegt bei 21 aus 37

Antwortstatistiken

EinwohnerzahlStadt% Korrekt
8.335.897New York
97%
3.822.238Los Angeles
95%
2.665.039Chicago
91%
808.437San Francisco
88%
671.803Washington
86%
1.299.544Dallas
83%
650.706Boston
81%
656.274Las Vegas
81%
2.302.878Houston
78%
1.567.258Philadelphia
78%
749.256Seattle
76%
620.376Detroit
69%
1.644.409Phoenix
69%
1.381.162San Diego
67%
713.252Denver
64%
1.472.909San Antonio
64%
974.447Austin
57%
528.001Sacramento
55%
509.297Kansas City
50%
880.621Indianapolis
48%
897.720Charlotte
47%
971.319Jacksonville
47%
635.067Portland
47%
971.233San Jose
47%
683.622Nashville
45%
694.800Oklahoma City
41%
569.931Baltimore
40%
621.056Memphis
38%
563.305Milwaukee
36%
561.008Albuquerque
34%
677.456El Paso
33%
907.971Columbus
28%
624.444Louisville
28%
546.574Tucson
26%
956.709Fort Worth
24%
545.567Fresno
22%
512.498Mesa
7%

Verteilung der Resultate

Perzentil nach korrekt beantworteten Fragen

Anzahl Personen mit jedem Resultat

Ihre Resultats-Entwicklung

Sie haben dieses Quiz noch nicht gespielt